| 000 | 00374nam a2200145Ia 4500 | ||
|---|---|---|---|
| 008 | 210716s2016 xx 000 0 und d | ||
| 020 | _a9789332543553 | ||
| 041 | _aeng | ||
| 082 | _a005.133 KAMA | ||
| 100 | _aKamthane, Ashok N; Kamthane, Amit Ashok. | ||
| 245 | _aProgramming in c. | ||
| 250 | _a3 | ||
| 260 |
_aNew Delhi _bPearson Education _c2016 |
||
| 300 | _axiii,672 | ||
| 999 |
_c195105 _d195105 |
||